000 02002cam a2200541Ii 4500
999 _c116
_d116
001 953597815
003 OCoLC
005 20191220102120.0
008 160714s2016 nyu d 000 1 eng d
020 _a0448494299
020 _a9780448494296
035 _a(OCoLC)953597815
040 _aYDXCP
_beng
_cYDXCP
_dBTCTA
_dBDX
_dOCLCQ
_dJSE
_dNYP
049 _aNYPP
082 0 4 _aFIC MEA
_223
091 _aFIC
100 1 _aMead, Richelle.
_eauthor
240 1 0 _aWorks.
_kSelections.
_f2016.
245 1 0 _aVampire Academy /
_cRichelle Mead.
250 _a10th anniversary edition.
264 1 _a[New York, New York] :
_bRazorbill, an imprint of Penguin Random House,
_c[2016]
300 _a483 pages ;
_c21 cm.
336 _atext
_2rdacontent.
337 _aunmediated
_2rdamedia.
338 _avolume
_2rdacarrier.
440 _aVampire Academy ;
_nBook 1
500 _a"Featuring never-before-seen stories from the VA series!"--Cover.
501 _aSigned copy
505 0 _aVampire Academy -- The turn and the flame -- From the journal of Vasilisa Dragomir -- The meeting -- Hello, my name is Rose Hathaway.
520 _aTwo years after a horrible incident made them run away, vampire princess Lissa and her guardian-in-training Rose are found and returned to St. Vladimir's Academy, where one focuses on mastering magic, the other on physical training.
650 0 _aVampires
_vFiction.
650 0 _aHigh schools
_vFiction.
650 0 _aSchools
_vFiction.
650 0 _aMagic
_vFiction.
650 0 _aSocial classes
_vFiction.
700 1 2 _aMead, Richelle.
_tVampire Academy.
700 1 2 _aMead, Richelle.
_tTurn and the flame.
700 1 2 _aMead, Richelle.
_tFrom the journal of Vasilisa Dragomir.
700 1 2 _aMead, Richelle.
_tMeeting.
700 1 2 _aMead, Richelle.
_tHello, my name is Rose Hathaway.
830 _aVampire Academy
901 _aMARS
901 _arn
_bCATBL
908 1 4 _aPZ7.M478897
942 _2ddc
_cFIC
945 _a.b210981222
946 _am